Muerte súbita- Imágenes de Europa - Estadísticas

Estadísticas generales
  • Esta prueba ha sido intentada 17 veces
  • La puntuación promedio es 9 de 30
Answers on the Grid
Answers color-coded by a green-red scale on the quiz's grid according to % correct below.
 
Estadísticas de respuestas
Respuesta % Correcto
62%
62%
62%
62%
46%
46%
46%
38%
38%
38%
38%
38%
31%
31%
31%
23%
23%
23%
23%
15%
15%
15%
15%
15%
8%
8%
8%
8%
0%
0%
No se encontraron pruebas coincidentes
Distribución de puntuación
Porcentaje de gente con cada puntuación
Porcentaje por número respondido
Historial de tus puntuaciones
No has intentado esta prueba.